Les mathématiques de l'argent: ten dances récentes de la recherche financiere quantitative.

Financie a riziká. Finančný model, teória opcií Blacka a Scholesa, jej etapy. Kto sú výskumníci a kto používatelia. Perspektívy modelov. Ich medzery a chaos. Modely nelineárne. Model ARCH. Levyho zákon. Technológia fuzzy. (Marchés et techniques financieres 1991, č.34 a 35).

Na minha lista:
Detalhes bibliográficos
Autor principal: Boulier, J.F
Formato: Capítulo de Livro
Idioma:francês
Assuntos:
Tags: Adicionar Tag
Sem tags, seja o primeiro a adicionar uma tag!

MARC

LEADER 00000naa a2200000 4500
001 r008368
005 20220913125052.6
041 0 |a fre 
044 |a FR 
245 1 0 |a Les mathématiques de l'argent: ten dances récentes de la recherche financiere quantitative.  |c J.F. Boulier 
520 |a Financie a riziká. Finančný model, teória opcií Blacka a Scholesa, jej etapy. Kto sú výskumníci a kto používatelia. Perspektívy modelov. Ich medzery a chaos. Modely nelineárne. Model ARCH. Levyho zákon. Technológia fuzzy. (Marchés et techniques financieres 1991, č.34 a 35). 
610 2 0 |a financie 
610 2 0 |a riziko 
610 2 0 |a modely ekonomické 
610 2 0 |a opcie 
610 2 0 |a peniaze 
610 2 0 |a výskum 
100 1 |a Boulier, J.F.